The life cycle of a butterfly / (Record no. 8966)

MARC details
000 -LEADER
fixed length control field 01429cam a22004094a 4500
001 - CONTROL NUMBER
control field 8966
003 - CONTROL NUMBER IDENTIFIER
control field FISKH
005 - DATE AND TIME OF LATEST TRANSACTION
control field 20251111151456.0
008 - FIXED-LENGTH DATA ELEMENTS--GENERAL INFORMATION
fixed length control field 010601s2002 nyua j 001 0 eng
010 ## - LIBRARY OF CONGRESS CONTROL NUMBER
LC control number 2001037212
020 ## - INTERNATIONAL STANDARD BOOK NUMBER
International Standard Book Number 0778706508
Qualifying information RLB
020 ## - INTERNATIONAL STANDARD BOOK NUMBER
International Standard Book Number 9780778706809
020 ## - INTERNATIONAL STANDARD BOOK NUMBER
International Standard Book Number 077870680X
Qualifying information pbk.
020 ## - INTERNATIONAL STANDARD BOOK NUMBER
International Standard Book Number 9780778706502
Qualifying information (RLB)
040 ## - CATALOGING SOURCE
Original cataloging agency DLC
Transcribing agency DLC
Modifying agency DLC
Language of cataloging eng
050 00 - LIBRARY OF CONGRESS CALL NUMBER
Classification number QL544.2
Item number .K352 2002
082 00 - DEWEY DECIMAL CLASSIFICATION NUMBER
Classification number 595.78/9
Edition number 21
100 1# - MAIN ENTRY--PERSONAL NAME
Personal name Kalman, Bobbie.
245 14 - TITLE STATEMENT
Title The life cycle of a butterfly /
Statement of responsibility, etc. Bobbie Kalman ; illustrated by Margaret Amy Reiach.
260 ## - PUBLICATION, DISTRIBUTION, ETC.
Place of publication, distribution, etc. New York :
Name of publisher, distributor, etc. Crabtree,
Date of publication, distribution, etc. 2002.
300 ## - PHYSICAL DESCRIPTION
Extent 32 pages :
Other physical details color illustrations ;
Dimensions 25 cm
336 ## - CONTENT TYPE
Content type term text
Content type code txt
Source rdacontent
337 ## - MEDIA TYPE
Media type term unmediated
Media type code n
Source rdamedia
338 ## - CARRIER TYPE
Carrier type term volume
Carrier type code nc
Source rdacarrier
490 1# - SERIES STATEMENT
Series statement The life cycle series
500 ## - GENERAL NOTE
General note Includes index.
520 ## - SUMMARY, ETC.
Summary, etc. Describes the various stages of a monarch butterfly's life, from egg to pupa to caterpillar to butterfly, as well as its migration and dangers that it faces.
650 #0 - SUBJECT ADDED ENTRY--TOPICAL TERM
Topical term or geographic name entry element Butterflies
General subdivision Life cycles
Form subdivision Juvenile literature.
650 #1 - SUBJECT ADDED ENTRY--TOPICAL TERM
Topical term or geographic name entry element Monarch butterfly.
650 #1 - SUBJECT ADDED ENTRY--TOPICAL TERM
Topical term or geographic name entry element Butterflies.
650 #1 - SUBJECT ADDED ENTRY--TOPICAL TERM
Topical term or geographic name entry element Caterpillars.
655 #7 - INDEX TERM--GENRE/FORM
Genre/form data or focus term Literature.
Source of term lcgft
Authority record control number or standard number https://id.loc.gov/authorities/genreForms/gf2014026415
700 1# - ADDED ENTRY--PERSONAL NAME
Personal name Salter, Margaret,
Relator term illustrtator
906 ## - LOCAL DATA ELEMENT F, LDF (RLIN)
a 7
b cbc
c orignew
d 1
e ocip
f 19
g y-gencatlg
942 ## - ADDED ENTRY ELEMENTS (KOHA)
Source of classification or shelving scheme Dewey Decimal Classification
Koha item type Books
Suppress in OPAC No
Holdings
Withdrawn status Lost status Source of classification or shelving scheme Damaged status Not for loan Collection Home library Current library Shelving location Date acquired Total Checkouts Full call number Barcode Date last seen Copy number Price effective from Koha item type
    Dewey Decimal Classification     Non-Fiction Footprints International School Library Network Toul Tom Poung Campus Footprints International School Library Network Toul Tom Poung Campus TTP Secondary Non-Fiction Bookshelves 11/11/2025   KAL 595.78 QL544 .K352 2025-4788 11/11/2025 1 11/11/2025 Books